Kauniaisten kaupunginosat kartalla - Statistics

Yleistilastot
  • Tätä visaa on pelattu 16 kertaa
  • Keskiarvotulos 3 / 8
Vastaukset kartalla
Vastauksille on annettu kartalla punavihreä väri sen mukaan, kuinka moni on saanut sen oikein.
 
Vastaustilastot
Vastaus % Oikein
Kasavuori
89%
Gränkull
33%
Kauniala
33%
Kauppala
33%
Gallträskinranta
22%
Kiikarivuori
22%
Mäntymäki
22%
Ensimmäinen kaupunginosa
11%
Ehtoja vastaavia visoja ei löytynyt
Tulosjakauma
Jokaisen tuloksen saaneiden osuus
Persentiili vastausten määrän mukaan
Tuloshistoriasi
Et ole pelannut tätä visaa